|
|
|
|
| LEADER |
00000nam a2200000 a 4500 |
| 001 |
vtls008832335 |
| 003 |
SK-MaSNL |
| 005 |
20260301135824.0 |
| 008 |
240318s2006 xo l f 000 0 slo |
| 015 |
|
|
|a SNBA2006/07-03867
|
| 020 |
|
|
|a 8022724041 (brož.)
|c 112,00 Sk
|
| 035 |
|
|
|a B12886A4-0004-4D27-A37E-FAB29BFE7120
|
| 035 |
|
|
|a urn:nbn:sk:snk-aml9pt
|
| 035 |
|
|
|a urn:nbn:sk:snk-am008rb0
|
| 040 |
|
|
|a SNK
|b slo
|c SNK
|e AACR2
|
| 041 |
0 |
|
|a slo
|
| 044 |
|
|
|a xo
|c SK
|
| 072 |
|
7 |
|a 519
|x Kombinatorika. Teória grafov. Matematická štatistika. Operačný výskum. Matematické modelovanie
|2 konspekt
|
| 080 |
|
|
|a 519.63
|2 2001
|
| 080 |
|
|
|a 519.6
|2 2001
|
| 080 |
|
|
|a 004.42 ANASYS
|2 2001
|
| 080 |
|
|
|a 536.2
|2 2001
|
| 080 |
|
|
|a 539.3
|2 2001
|
| 080 |
|
|
|a 539.4
|2 2001
|
| 080 |
|
|
|a (048.8)
|2 2001
|
| 080 |
|
|
|a 531/534-027.22
|2 2001
|
| 080 |
|
|
|a 512.64
|2 2001
|
| 100 |
1 |
|
|a Benča, Štefan
|4 aut
|9 7677
|
| 245 |
1 |
0 |
|a Výpočtové postupy MKP pri riešení lineárnych úloh mechaniky
|c Štefan Benča
|
| 250 |
|
|
|a 1. opr. vyd.
|
| 260 |
|
|
|a Bratislava
|b Slovenská technická univerzita
|c 2006
|
| 300 |
|
|
|a 150 s.
|b sch., tab.
|c 25 cm
|
| 366 |
|
|
|e 300 výtl.
|
| 490 |
1 |
|
|a Edícia monografií
|
| 504 |
|
|
|a Bibliogr. s. 150
|
| 650 |
0 |
7 |
|a metóda konečných prvkov
|2 SNKPH
|9 15028
|
| 650 |
0 |
7 |
|a numerické metódy
|2 SNKPH
|9 3947
|
| 650 |
0 |
7 |
|a ANASYS
|2 SNKPH
|9 491672
|
| 650 |
0 |
7 |
|a aplikovaná mechanika
|2 SNKPH
|9 67998
|
| 650 |
0 |
7 |
|a prestup tepla
|2 SNKPH
|9 85449
|
| 650 |
0 |
7 |
|a pružnosť
|2 SNKPH
|9 1635
|
| 650 |
0 |
7 |
|a pevnosť
|2 SNKPH
|9 1636
|
| 650 |
0 |
7 |
|a lineárna algebra
|2 SNKPH
|9 1103
|
| 655 |
|
7 |
|a monografie
|2 SNKPH
|9 70139
|
| 810 |
2 |
|
|a Slovenská technická univerzita v Bratislave.
|b Strojnícka fakulta
|t Edícia monografií
|9 206761
|
| 919 |
|
|
|a 80-227-2404-1
|
| 958 |
|
|
|a OND
|
| 999 |
|
|
|c 761513
|d 763443
|
| 952 |
|
|
|a SNK
|b SNK
|y PREZ
|7 0
|p 17A0516393
|o snkSC 124216
|i snk2006/14336
|8 0
|0 0
|1 0
|4 0
|d 2006-07-20
|f 1
|l 0
|r 2025-06-06 00:00:00
|w 2026-02-24
|
| 952 |
|
|
|a SNK
|b SNK
|y VYP
|7 0
|p 17A0516394
|o snkSC 124216 D1
|i snk2006/14337
|8 0
|0 0
|1 0
|4 0
|d 2006-07-20
|l 0
|r 2026-02-24 00:06:43
|w 2026-02-24
|